000 00516nam a2200181 a 4500
001 000009461
005 20240412074211.0
008 090930s1958 dr 000 p spa d
040 _aDO-SdBNP
_bspa
_cBNPHU
082 _aRD861.42
_bR759b
100 1 _aRomano, R. Clodomiro
_924265
245 1 0 _aBrotes líricos /
_cClodomiro Romano R.
260 _aCiudad Trujillo :
_bArte y Cine,
_c1958.
300 _a112 p. ;
_c23 cm.
650 0 _aPoesía dominicana
_966
650 0 _aLiteratura dominicana.
_967
049 _aBNPD
999 _c9221
_d9221